<?xml version="1.0" encoding="UTF-8"?>
<collection xmlns="http://www.loc.gov/MARC21/slim">
    <record>
        <controlfield tag="001">10857</controlfield>
        <controlfield tag="005">20150325140207.0</controlfield>
        <datafield tag="037" ind1=" " ind2=" ">
            <subfield code="a">TAZ-TFG-2013-315</subfield>
        </datafield>
        <datafield tag="041" ind1=" " ind2=" ">
            <subfield code="a">spa</subfield>
        </datafield>
        <datafield tag="100" ind1="1" ind2=" ">
            <subfield code="a">Cabello Pola, Marta</subfield>
        </datafield>
        <datafield tag="245" ind1="0" ind2="0">
            <subfield code="a">Intervención desde terapia ocupacional en ictus</subfield>
        </datafield>
        <datafield tag="260" ind1=" " ind2=" ">
            <subfield code="a">Zaragoza</subfield>
            <subfield code="b">Universidad de Zaragoza</subfield>
            <subfield code="c">2013</subfield>
        </datafield>
        <datafield tag="506" ind1=" " ind2=" ">
            <subfield code="a">by-nc-sa</subfield>
            <subfield code="b">Creative Commons</subfield>
            <subfield code="c">3.0</subfield>
            <subfield code="u">http://creativecommons.org/licenses/by-nc-sa/3.0/</subfield>
        </datafield>
        <datafield tag="520" ind1=" " ind2=" ">
            <subfield code="a">El caso que se presenta en este proyecto es un paciente afectado por un ictus hemorrágico intracraneal izquierdo, como consecuencia de una serie de circunstancias denominadas factores de riesgo. Este trabajo se justifica tanto por la gran incidencia de dicha patología como por el importante papel de la terapia ocupacional (T.O.), ya que ofrece un tratamiento global abarcando gran parte de las áreas que han podido ser afectadas por el accidente. Se valoran aquellas habilidades aquejadas, con una serie de escalas estandarizadas, para posteriormente plantear un tratamiento rehabilitador basado en el modelo neuromotriz. Con el propósito de conseguir la mayor recuperación a nivel sensorio-motriz del paciente y, como consecuencia, su máxima autonomía e independencia en su vida diaria. Para ello se realizan una serie de actividades según los objetivos planteados. Se han realizado de forma progresiva en el tiempo adaptándolas a la evolución del paciente. Por último, se ha reevaluado al paciente del mismo modo que lo hicimos en el inicio de la intervención. De esta forma se comprueba que el abordaje planteado desde terapia ocupacional para la rehabilitación en ictus ha sido logrado. Quedando evidente las mejoras sensoriomotrices del miembro superior, así como su integración en las actividades de la vida diaria. Teniendo en cuenta que el comienzo precoz en el tratamiento y su posterior mantenimiento es determinante en la mejora del paciente.</subfield>
        </datafield>
        <datafield tag="521" ind1=" " ind2=" ">
            <subfield code="a">Graduado en Terapia Ocupacional</subfield>
        </datafield>
        <datafield tag="540" ind1=" " ind2=" ">
            <subfield code="a">Derechos regulados por licencia Creative Commons</subfield>
        </datafield>
        <datafield tag="653" ind1="1" ind2=" ">
            <subfield code="a">hemiplejia</subfield>
        </datafield>
        <datafield tag="653" ind1="1" ind2=" ">
            <subfield code="a">terapia ocupacional</subfield>
        </datafield>
        <datafield tag="653" ind1="1" ind2=" ">
            <subfield code="a">sensoriomotriz</subfield>
        </datafield>
        <datafield tag="653" ind1="1" ind2=" ">
            <subfield code="a">rehabilitación</subfield>
        </datafield>
        <datafield tag="700" ind1=" " ind2=" ">
            <subfield code="a">Marco Sanz, María del Carmen </subfield>
            <subfield code="e">dir.</subfield>
        </datafield>
        <datafield tag="710" ind1="2" ind2=" ">
            <subfield code="a">Universidad de Zaragoza</subfield>
            <subfield code="b">Fisiatría y Enfermería</subfield>
            <subfield code="c">Fisioterapia</subfield>
        </datafield>
        <datafield tag="856" ind1="0" ind2=" ">
            <subfield code="f">588979@celes.unizar.es</subfield>
        </datafield>
        <datafield tag="856" ind1="4" ind2=" ">
            <subfield code="s">486352</subfield>
            <subfield code="u">http://zaguan.unizar.es/record/10857/files/TAZ-TFG-2013-315.pdf</subfield>
            <subfield code="y">Memoria (spa)</subfield>
        </datafield>
        <datafield tag="909" ind1="C" ind2="O">
            <subfield code="o">oai:zaguan.unizar.es:10857</subfield>
            <subfield code="p">driver</subfield>
            <subfield code="p">trabajos-fin-grado</subfield>
        </datafield>
        <datafield tag="950" ind1=" " ind2=" ">
            <subfield code="a"></subfield>
        </datafield>
        <datafield tag="980" ind1=" " ind2=" ">
            <subfield code="a">TAZ</subfield>
            <subfield code="b">TFG</subfield>
            <subfield code="c">EUCS</subfield>
        </datafield>
    </record>

    
</collection>